| 000 | nam a22 a 4500 | ||
|---|---|---|---|
| 999 |
_c182451 _d182451 |
||
| 003 | BLK | ||
| 005 | 20220617122500.0 | ||
| 008 | 180411b bul|||||r ||||||| ||bul|| | ||
| 010 | _aKNG00191375000 | ||
| 040 | _aBLK | ||
| 041 |
_aBUL _cBUL |
||
| 080 |
_aБългарска литература _b821.163.2 _z821.163.2 |
||
| 080 |
_aБългарски книжовник _b929 Владислав Граматик _z929 Владислав Граматик |
||
| 100 | 1 |
_aДанчев, Георги _eпърви автор _gСавов, Георги Данчев _9365128 |
|
| 139 |
_aДанчев, Георги _bД 22 |
||
| 245 | 1 | 0 |
_aВладислав Граматик - книжовник и писател _bСтудия _cГеорги Данчев; отг. ред. Пеньо Русев. |
| 257 | _aBGR | ||
| 260 |
_bБАН _c1969 _aСофия |
||
| 300 |
_a148 с. _bс факс. _c25 см |
||
| 380 | _a82 | ||
| 500 | _aИзд. на БАН. Инст. по балканистика.- Библиогр. под линия.- Рез. на фр. ез.- Съдържа и 4 приписки от Владислав Граматик на старобълг. ез. | ||
| 600 | 1 | 4 |
_aВладислав Граматик _9342933 |
| 650 | 4 |
_aКнижовници, български _9158845 |
|
| 653 | _aбългарски книжовници | ||
| 653 | _aбългарски писатели | ||
| 653 | _aВладислав Граматик | ||
| 700 | 1 |
_aРусев, Пеньо _eотг. ред. _9369508 |
|
| 852 | _aЦб 48200 | ||
| 856 | 4 | _qpdf | |
| 856 | 4 | _qpdf | |
| 942 |
_cKNG _n0 _s1 |
||
| 944 |
_aCR _c04.10.2016 _kХристина_Везирева |
||
| 944 |
_aED _c04.10.2016 _kХристина_Везирева |
||
| 999 | _d182451 | ||